| 000 | 01168nam a2200313Ia 4500 | ||
|---|---|---|---|
| 001 | ebr10103769 | ||
| 003 | CaPaEBR | ||
| 006 | m u | ||
| 007 | cr cn||||||||| | ||
| 008 | 041129s2005 nyu sb 001 0 eng d | ||
| 010 | _z 2004065796 | ||
| 020 | _z1403934592 (cloth) | ||
| 020 | _z1403934606 (pbk.) | ||
| 040 |
_aCaPaEBR _cCaPaEBR |
||
| 035 | _a(OCoLC)191936132 | ||
| 050 | 1 | 4 |
_aUG447 _b.C637 2005eb |
| 082 | 0 | 4 |
_a358/.34/09 _222 |
| 100 | 1 |
_aColeman, Kim, _d1953- |
|
| 245 | 1 | 2 |
_aA history of chemical warfare _h[electronic resource] / _cKim Coleman. |
| 260 |
_aNew York : _bPalgrave Macmillan, _c2005. |
||
| 300 | _axxv, 198 p. | ||
| 504 | _aIncludes bibliographical references and index. | ||
| 533 |
_aElectronic reproduction. _bPalo Alto, Calif. : _cebrary, _d2009. _nAvailable via World Wide Web. _nAccess may be limited to ebrary affiliated libraries. |
||
| 650 | 0 |
_aChemical warfare _xHistory. |
|
| 650 | 0 | _aMilitary art and science. | |
| 655 | 7 |
_aElectronic books. _2local |
|
| 710 | 2 | _aebrary, Inc. | |
| 856 | 4 | 0 |
_uhttp://site.ebrary.com/lib/rucke/Doc?id=10103769 _zAn electronic book accessible through the World Wide Web; click to view |
| 999 |
_c206427 _d206427 |
||